000 00498nam a2200169 i 4500
001 46785
003 ES-MaACL
005 20230906161439.0
007 t|
008 030401s1907 it ||||1| ita d
100 1 _aConn, H. W.
_940198
245 1 3 _aIl metodo dell'evoluzione... /
_cH. W. Conn ; traduzione de Giuseppe Nobili.
260 _aTorino, etc. :
_bBocca,
_c1907 (
_fVincenzo Bona)
300 _aVIII, 360 p. ;
_c20 cm.
700 1 _aNobili, Giuseppe.
_985803
852 _aES-MaACL
_jF-6097
999 _c46785
_d46785